From outcome-based to language-based preferences (Record no. 525962)

000 -LEADER
fixed length control field 01073nam a22001457a 4500
008 - FIXED-LENGTH DATA ELEMENTS--GENERAL INFORMATION
fixed length control field 240429b ||||| |||| 00| 0 eng d
100 ## - MAIN ENTRY--PERSONAL NAME
Personal name Capraro, V., Halpern, J.Y. and Perc, M.
245 ## - TITLE STATEMENT
Title From outcome-based to language-based preferences
260 ## - PUBLICATION, DISTRIBUTION, ETC. (IMPRINT)
Place of publication, distribution, etc Journal of Economic Literature
300 ## - PHYSICAL DESCRIPTION
Extent 62(1). Mar, 2024: p. 115-154
520 ## - SUMMARY, ETC.
Summary, etc We review the literature on models that try to explain human behavior in social interactions described by normal-form games with monetary payoffs. We start by covering social and moral preferences. We then focus on the growing body of research showing that people react to the language with which actions are described, especially when it activates moral concerns. We conclude by arguing that behavioral economics is in the midst of a paradigm shift toward language-based preferences, which will require an exploration of new models and experimental setups.- Reproduced

https://www.aeaweb.org/articles?id=10.1257/jel.20221613
773 ## - HOST ITEM ENTRY
Main entry heading Journal of Economic Literature
906 ## - LOCAL DATA ELEMENT F, LDF (RLIN)
Subject DIP LANGUAGES
942 ## - ADDED ENTRY ELEMENTS (KOHA)
Item type Articles
Holdings
Withdrawn status Lost status Source of classification or shelving scheme Damaged status Not for loan Permanent location Current location Date acquired Serial Enumeration / chronology Barcode Date last seen Koha item type
          Indian Institute of Public Administration Indian Institute of Public Administration 2024-04-29 62(1). Mar, 2024: p. 115-154 AR131755 2024-04-29 Articles

Powered by Koha